Taylor Swift - My Boy Only Breaks His Favorite Toys Lyrics - Statistics

General Stats
  • This quiz has been taken 269 times
  • The average score is 234 of 276
Answer Stats
Answer % Correct
my
99%
My
99%
(My
99%
a
98%
boy
98%
boy)
98%
breaks
98%
he
98%
(He
98%
He
98%
his
98%
on
98%
only
98%
to
97%
toys
97%
favorite
96%
Oh
96%
oh
96%
we
96%
We
96%
go
95%
here
95%
I
95%
The
95%
the
95%
again
94%
in
93%
of
93%
castles
92%
destroys
92%
I'm
92%
(I'm
92%
me
92%
me)
92%
queen
92%
queen)
92%
head
91%
at
90%
sand
90%
voices
90%
when
90%
you
90%
too
89%
was
88%
first
87%
it
87%
But
85%
got
85%
should've
85%
seen
84%
'Cause
83%
him
83%
just
83%
Just
83%
know
82%
There
82%
there
82%
all
81%
friend
80%
mall
80%
saw
80%
time
80%
best
79%
down
79%
play
78%
say
78%
And
77%
for
77%
loves
77%
not
77%
that
77%
took
77%
touch
77%
much
76%
up
76%
He's
75%
out
75%
so
75%
heart
74%
known
74%
back
73%
Because
73%
days
73%
dead
73%
doll
73%
heat
73%
matter
73%
night
73%
off
73%
Purchased
73%
sickest
73%
army
72%
plastic
72%
why
72%
danger
71%
played
71%
box
70%
broken
70%
felt
70%
fix
70%
gonna
70%
Kens
70%
miss
70%
Once
70%
our
70%
pieces
70%
pretend
70%
puzzle
70%
smashed
70%
smile
70%
tell
70%
this
70%
forever
69%
shelf
69%
with
69%
knew
68%
more
68%
repeating
68%
these
68%
Told
68%
better
67%
end
67%
I'll
67%
parts
67%
played
67%
right
67%
tortured
67%
myself
66%
Put
66%
Stole
66%
wild
66%
reasons
65%
I'd
64%
runs
64%
Left
61%
sandlot
61%
could've
60%
keeps
58%
Than
58%
Called
55%
litany
54%
string
54%
fit
52%
pull
52%
descend
50%
rain
49%
Rivulets
48%
No matching quizzes found
Score Distribution
Percent of People with Each Score
Percentile by Number Answered
Your Score History
You have not taken this quiz